Internet research skills : how to do your literature search and find research information online

Bibliographic Details
Main Author: Dochartaigh, Niall O
Format: Book
Language:English
Published: Los Angeles : Sage Publications , 2007
Subjects:

MARC

LEADER 00000cam a2200000 7i4500
001 0000019066
005 20090316.0
008 090312s -us eng
020 |a 9781412911139 ,   |c RM147.80 
040 |a INS 
090 0 0 |a ZA4228   |b D63 2007 
100 1 |a Dochartaigh, Niall O 
245 1 0 |a Internet research skills :   |b how to do your literature search and find research information online   |c Niall O Dochartaigh 
260 |a Los Angeles :   |b Sage Publications ,   |c 2007 
300 |a x, 169p. :   |b ill. ;   |c 24cm. 
500 |a Includes index 
504 |a Bibliography : p.162-163 
650 0 |a Internet research 
650 0 |a Internet searching 
999 |a 0000020645   |b BOOK   |c Open Shelf   |e Default branch